Loading...
| Literature - World | 0 | 5 | 1 | 0 | 45 | 107 | 123.80 | 1 | 2 | 4.07 | 23.33 |
| Literature - European | 0 | 4 | 1 | 0 | 35 | 75 | 107.50 | 1 | 4 | 8.26 | 30.00 |
| Literature - American | 0 | 3 | 1 | 0 | 25 | 126 | 132.00 | 0 | 3 | 2.17 | 20.00 |
| Fine Arts - Other | 0 | 2 | 0 | 0 | 20 | 79 | 91.50 | 2 | 2 | 4.92 | 17.50 |
| Literature - British | 0 | 3 | 2 | 0 | 20 | 108 | 118.67 | 0 | 2 | 4.08 | 15.83 |
| Science - Biology | 0 | 3 | 2 | 1 | 20 | 61 | 78.67 | 1 | 2 | 7.92 | 20.00 |
| Fine Arts - Painting and Sculpture | 0 | 2 | 1 | 1 | 15 | 106 | 118.50 | 0 | 2 | 1.89 | 15.00 |
| Philosophy | 0 | 2 | 1 | 2 | 15 | 115 | 120.00 | 1 | 2 | 0.00 | 5.00 |
| History - Other | 0 | 1 | 0 | 1 | 10 | 126 | 126.00 | 0 | 1 | 0.00 | 2.50 |
| History - European | 0 | 1 | 0 | 0 | 10 | 105 | 105.00 | 0 | 1 | 1.92 | 7.50 |
| Popular Culture | 0 | 1 | 0 | 0 | 10 | 138 | 138.00 | 0 | 0 | 0.00 | 8.33 |
| History - World | 0 | 1 | 0 | 0 | 10 | 118 | 118.00 | 0 | 1 | 0.63 | 5.00 |
| Religion | 0 | 1 | 1 | 0 | 5 | 109 | 109.00 | 0 | 0 | 0.52 | 3.33 |
| Science - Chemistry | 0 | 1 | 1 | 0 | 5 | 113 | 113.00 | 0 | 1 | 1.10 | 6.67 |
| Science - Other | 0 | 0 | 1 | 0 | -5 | 0.00 | 0 | 0 | 0.00 | 0.00 | |
| Mythology | 0 | 0 | 1 | 0 | -5 | 0.00 | 0 | 0 | 0.00 | 0.00 |